000 00478nam a2200157Ia 4500
008 241217s9999||||xx |||||||||||||| ||und||
020 _a9780201164237
_c237.4
040 _beng
_cSSK Library
_erda
082 _a004.6 SCH
100 _a Mischa Schwartz
245 0 _aTelecommunication Networks: Protocols, Modeling And Analysis
260 _b Addison-Wesley Publishing Company
_c©1987
942 _2Dewey Decimal Classification
_cBOOK
_nNo
999 _c24284
_d24284
003 OSt
005 20241217112924.0